000 00950 a2200205 4500
001 25187
005 20260407155535.0
008 260407a1970 arg spa d
003 AR-UNSa-BCEJYS
040 _aAR-UNSa-BCEJYS
_bspa
_cAR-UNSa-BCEJYS
080 _a519.24
_xAplicaciones y modelos estadísticos especiales (Muestreo...)
245 1 0 _aProblemas y ejercicios de estadística
264 1 _aBuenos Aires :
_bEdiciones Macchi
_c1970
300 _a259 p.
_c23 cm.
505 _a1. Probabilidades - 2. Variable aleatoria - 3. Prubeas repetidas - 4. Distribución normal - 5. Serie de frecuencia - 6. Distribución y concentración de factores económicos - 7. Series cronológicas - 8. Números índices - 9. Regresión y correlación lineal - 10. Teoría de las muestras - 12. Aplicaciones de la teoria de muestras.
942 _cBK
590 _aniveau_biblio:m niveau_hierar:0
100 1 _aBrufman, Juana Z.
700 1 _aToranzos, Fausto I.
999 _c1298
_d1298